LEADER 01067cam0-2200325---450- 001 990009510180403321 005 20120307091621.0 010 $a978-88568-1585-6 035 $a000951018 035 $aFED01000951018 035 $a(Aleph)000951018FED01 035 $a000951018 100 $a20120113d2010----km-y0itay50------ba 101 0 $aita 102 $aIT 105 $aa-------001yy 200 1 $aConsumatori tra pubblicità, prezzi e prodotto reale$eatti del Premio Vincenzo Dona, voce dei consumatori 2008$fMassimiliano Dona (a cura di)$gcon interventi di Anna Bartolini ... [et al.] 210 $aMilano$cFrancoAngeli$d2010 215 $a117 p.$cill.$d23 cm 610 0 $aConsumatori$aComportamento 676 $a658.834$v22$zita 702 1$aDona,$bMassimiliano 702 1$aBartolini,$bAnna$f<1937- > 801 0$aIT$bUNINA$gREICAT$2UNIMARC 901 $aBK 912 $a990009510180403321 952 $aCollez. 772 (210)$b45847$fFSPBC 959 $aFSPBC 996 $aConsumatori tra pubblicità, prezzi e prodotto reale$9850368 997 $aUNINA LEADER 00902nam0-22003251i-450 001 990001665110403321 005 20250612172954.0 035 $a000166511 035 $aFED01000166511 035 $a(Aleph)000166511FED01 100 $a20030910d1901----km-y0itay50------ba 101 0 $aita 102 $aIT 105 $aa e 001yy 200 1 $aDizionario di agricoltura$fArturo Bruttini 210 $aMilano$cVallardi$d1901 215 $a2 v.$d23 cm 610 0 $aAgricoltura$aDizionari 676 $a630.3 700 1$aBruttini,$bArturo$010122 801 0$aIT$bUNINA$gRICA$2UNIMARC 901 $aBK 912 $a990001665110403321 952 $a60 DIZ 020-1$b19659$fFAGBC 952 $a60 DIZ 020-2$b19660$fFAGBC 952 $aA MUSA 517-1$b03/3380/25$fFAGBC 952 $aA MUSA 517-2$b03/3381/25$fFAGBC 959 $aFAGBC 996 $aDizionario di agricoltura$9373202 997 $aUNINA